Most Premier League Appearances: Scandinavia Quiz Stats

 Plays Quiz not verified by Sporcle

Challenge
Share
Tweet
Embed
Score 0/30 Timer 12:00
0 Plays Today
Apps Player % Correct
310Peter Schmeichel
94%
321John Arne Riise
91%
235Ole Gunnar Solskjaer
88%
364Thomas Sorensen
84%
275*Sebastian Larsson
83%
274Henning Berg
81%
241Fredrik Ljungberg
80.3%
201*Jonas Olsson
75%
151*Martin Olsson
75%
175Daniel Agger
74%
232Olof Mellberg
72%
260Morten Gamst Pedersen
71%
151Ronny Johnsen
71%
143Henrik Pedersen
70%
141Tore Andre Flo
69%
Apps Player % Correct
136Nicklas Bendtner
67%
238Brede Hangeland
66%
159Steffen Iversen
58%
149Thomas Gravesen
54%
157Claus Jensen
53%
162Stig Inge Bjornebye
51%
186Øyvind Leonhardsen
50%
290Claus Lundekvam
46%
181Alf-Inge Haaland
42%
143Eirik Bakke
42%
133Niclas Alexandersson
38%
184Gunnar Halle
35%
147Jacob Laursen
32%
155Lars Bohinen
24%
134Per Frandsen
14%

You're not logged in!

Compare scores with friends on all Sporcle quizzes.
Join for Free
OR
Log In

You Might Also Like...

Show Comments

Extras

Top Quizzes Today


Score Distribution

Your Account Isn't Verified!

In order to create a playlist on Sporcle, you need to verify the email address you used during registration. Go to your Sporcle Settings to finish the process.

Report this User

Report this user for behavior that violates our Community Guidelines.

Details: